MARC details
| 000 -CABECERA |
| campo de control de longitud fija |
00993nam a2200265 a 4500 |
| 003 - IDENTIFICADOR DEL NÚMERO DE CONTROL |
| campo de control |
MX-MxUPN |
| 005 - FECHA Y HORA DE LA ÚLTIMA TRANSACCIÓN |
| campo de control |
20240223080531.0 |
| 008 - ELEMENTOS DE LONGITUD FIJA--INFORMACIÓN GENERAL |
| campo de control de longitud fija |
190508s2016 mx r 000 0 spa d |
| 020 ## - NÚMERO INTERNACIONAL NORMALIZADO PARA LIBROS |
| Número Internacional Estándar del Libro |
9786078418244 |
| 035 ## - NÚMERO DE CONTROL DEL SISTEMA |
| Número de control de sistema |
UPN01000230407 |
| 040 ## - FUENTE DE LA CATALOGACIÓN |
| Centro catalogador/agencia de origen |
MX-MxUPN |
| Lengua de catalogación |
spa |
| Centro/agencia transcriptor |
MX-MxUPN |
| 041 0# - CÓDIGO DE IDIOMA |
| Código de lengua del texto/banda sonora o título independiente |
spa |
| 050 14 - SIGNATURA TOPOGRÁFICA DE LA BIBLIOTECA DEL CONGRESO |
| Número de clasificación |
HV1559 M6 |
| Número de documento/Ítem |
F4.7 |
| 100 1# - ASIENTO PRINCIPAL--NOMBRE PERSONAL |
| Nombre de persona |
Fernández Vázquez, María Teresa |
| 9 (RLIN) |
43530 |
| 245 10 - MENCIÓN DE TÍTULO |
| Título |
Nada sobre nosotros sin nosotros : |
| Resto del título |
la Convención de Naciones Unidas sobre discapacidad y la gestión civil de derechos / |
| Mención de responsabilidad, etc. |
María Teresa Fernández Vázquez, Mario Alfredo Hernández Sánchez. |
| 250 ## - MENCIÓN DE EDICIÓN |
| Mención de edición |
Primera edición. |
| 260 ## - PUBLICACIÓN, DISTRIBUCIÓN, ETC. |
| Lugar de publicación, distribución, etc. |
México, D.F. : |
| Nombre del editor, distribuidor, etc. |
CONAPRED, |
| Fecha de publicación, distribución, etc. |
2016. |
| 300 ## - DESCRIPCIÓN FÍSICA |
| Extensión |
137 páginas |
| 490 0# - MENCIÓN DE SERIE |
| Mención de serie |
Fundamentos |
| 650 #4 - ASIENTO SECUNDARIO DE MATERIA - TERMINO TEMATICO |
| Término de materia o nombre geográfico como elemento de entrada |
Personas con discapacidad |
| Subdivisión general |
Derechos civiles |
| Subdivisión geográfica |
México |
| 9 (RLIN) |
45612 |
| 650 #4 - ASIENTO SECUNDARIO DE MATERIA - TERMINO TEMATICO |
| Término de materia o nombre geográfico como elemento de entrada |
Personas con discapacidad |
| Subdivisión general |
Leyes y legislación |
| Subdivisión geográfica |
México |
| 9 (RLIN) |
45618 |
| 700 1# - ASIENTO SECUNDARIO--NOMBRE DE PERSONAL |
| Nombre de persona |
Hernández Sánchez, Mario Alfredo |
| 9 (RLIN) |
43717 |
| Término indicativo de función/relación |
coaut. |
| 905 ## - TIPO DE MATERIAL |
| Tipo de material |
Libro |